Random History #3 - Statistics

General Stats
  • This quiz has been taken 24 times
  • The average score is 11 of 15
Answer Stats
Question Answer % Correct
How many hills was Rome built on? 7
100%
What religion did Constantine legalize? Christianity
100%
Which Spanish conquistador led the conquest of the Aztecs? Cortés
100%
What region did Julius Caesar conquer? Gaul
100%
What month is named after Julius Caesar? July
100%
What did the Romans call the games? Ludi
100%
What was the volcano that destroyed Pompeii called? Mt. Vesuvius
100%
Which country's largest airport was once named after Alexander the Great? North Macedonia
100%
What color was considered royal? Purple
100%
The ____ river runs through Rome Tiber
100%
What year was Nero's fire? 64 AD
50%
How many senators served on the senate in the Roman Empire? 300
0%
How many Vestal Virgins were there at any given time? 6
0%
Sisygambis disowned what son of hers who fled after the Battle of Gaugamela? Darius III
0%
Whose statue stood in front of the Colosseum? Nero
0%
No matching quizzes found
Score Distribution
Percent of People with Each Score
Percentile by Number Answered
Your Score History
You have not taken this quiz